000 00608nam a2200181Ia 4500
008 100917s9999 xx 000 0 und d
082 _b16615
100 _aभावे रावजी उर्फ विट्ठल
245 _aचंद्रसेन कमला अथवा मनोरथ
260 _b---
_c1892
300 _a152
365 _b1
520 _aनाटक
630 _aचंद्रसेन कमला अथवा मनोरथ
650 _aनाटक
730 _aचंद्रसेन कमला अथवा मनोरथ
942 _cBOOK
999 _c622009
_d622006